000 00742nam a2200181 i 4500
001 46677
003 ES-MaACL
005 20240521124634.0
007 t|
008 030331s1977 sp ||||1| spa d
111 2 _aCongreso Internacional de Estudios Lingüísticos del Mediterráneo (
_n5º.
_d1973.
_cMálaga)
_9426
245 1 0 _aActas del V Congreso Internacional de Estudios Lingüísticos del Mediterráneo /
_ceditadas por Manuel Alvar.
260 _a[Madrid] :
_bConsejo Superior de Investigaciones Científicas, Departamento de Geografía Lingúística,
_c[1977]
300 _a642 p., 8 lám. ;
_c24 cm.
700 1 _aAlvar, Manuel,
_d1923-2001
_920583
852 _aES-MaACL
_jA-7319
_bR.96239
999 _c46677
_d46677